000 00819nam a22002777a 4500
001 0064771
003 KOHA_MİRAKIL
005 20260207004508.0
007 ta
008 190408b1985 xx |||gr||||#0|||1|tur |
020 _a3468498810
040 _aTR-BiSEU
_btur
_cTR-BiSEU
_erda
041 0 _atur
050 _aPF3129
_b.R64 1985
100 1 _aRogalla, Hanna.
245 1 _aGrammar handbook :
_bfor reading German texts/
_cHanna Rogalla ; Hanna Rogalla, Willy Rogalla.
264 1 _aBerlin :
_bLangenscheidt
_c1985
300 _a208 pages ;
_c21 cm.
336 _ametin
_btxt
_2rdacontent
337 _aaracısız
_bn
_2rdamedia
338 _acilt
_bnc
_2rdacarrier
500 _aIncludes index.
650 0 _aGerman language--Textbooks for foreign speakers.
_93484
907 _aDil
942 _2lcc
_cBK
999 _c64660
_d64660